00553 2200169 4500001002100000005001500021035002000036007000300056008003900059082000700098084001300105100001800118245017000136260004600306650001700352990001400369INLIS00000000000988820260415085416 a0010-0426000232ta260415 | | |  a81 a81 SIT s0 aSITI MARHAMAH1 aSTRATEGI PEMANFAATAN MEDIA SOSIAL DALAM RANGKA MENJALANKAN PERAN HUMAS OLEH DINAS KOMUNIKASI INFORMATIKA STATISTIK DAN PERSANDIAN KABUPATEN KATINGAN /cSITI MARHAMAH aPALANGKA RAYA :bPERPUSTAKAAN UMPR,c2026 4aMEDIA SOSIAL a238121996